| 000 | 00332cam a22001217a 4500 | ||
|---|---|---|---|
| 008 | 180718b1985 xxu||||| |||| 00| 0 eng d | ||
| 082 | _aY15x5413 Si64k | ||
| 100 | _aSingh, R.A.P. | ||
| 245 |
_aKin, Clan and land reforms _cby R.A.P. Singh |
||
| 260 |
_aJaipur _bRawat _c1985 |
||
| 300 | _a266p. | ||
| 650 | _aLand tenure - India - Bihar | ||
| 999 |
_c353365 _d353365 |
||